[Event "CRO Team Cup 2019"]
[Site "Losinj"]
[Date "2019.05.17"]
[Round "4.20"]
[White "Vargic, Drago"]
[Black "Tomasic, Roland"]
[Result "1-0"]
[WhiteElo "2274"]
[BlackElo "2133"]
[Annotator "TA"]
[PlyCount "75"]
[EventDate "2019.05.15"]
[EventType "team-tourn"]
[EventCountry "CRO"]
[SourceTitle "playchess.com"]
[Source "ChessBase"]
[SourceQuality "1"]

{[%evp 14,103,39,36,47,41,81,81,82,52,56,55,93,80,71,39,71,50,72,73,72,57,99,89,106,29,32,0,113,114,111,101,106,58,174,170,193,161,182,162,172,166,216,225,466,445,502,316,470,447,466,466,893,868,1015,998,1171,847,1111,1077,2710,2512,6199,3019,5325,5252,2167,1146,2022,1987,29977,29978,29977,6075,5546,5574,1689,5061,1168,982,12845,11351,5222,4133,29988,29989,29989,29990,29990,1423,1085,514]} 1. e4 c5 2. Nf3 d6 3. Bb5+ Nd7 4. O-O Ngf6 5. Re1 e6 6. c3 a6 7. Bf1 Be7 8. d4 cxd4 {B51: Sicilian: Moscow Variation (3 Bb5+) without 3...Bd7} 9. cxd4 d5 10. e5 $1 {[%cal Re5f6]} Ne4 {White is better.} 11. Nc3 Nxc3 12. bxc3 Nf8 $146 ({Predecessor:} 12... Nb6 13. Qb3 Qc7 14. a4 Bd7 15. a5 Nc4 16. Bxc4 dxc4 {½-½ (54) Soderberg,P (2183)-Eggleston,D (2434) Stockholm 2013}) 13. g3 Bd7 14. Qb3 Bc6 15. h4 Qa5 16. a4 Nd7 17. Bd2 Rc8 18. Bd3 Qd8 19. Ng5 (19. a5 $16) 19... h6 $11 20. Nh3 g5 (20... Nb6 $1 $11 {keeps the balance.}) 21. hxg5 $1 $16 hxg5 22. Kg2 $1 Rg8 23. Qd1 $36 {[%mdl 2048] Black is under pressure.} Rc7 (23... Nb6 $1 $14) 24. Qh5 $18 Nf8 25. Rf1 g4 26. Nf4 Qd7 27. Bc2 Qd8 28. f3 gxf3+ $2 (28... Bg5 {was called for.} 29. Qxg4 (29. fxg4 b5 $18) 29... Bxf4 30. Qxf4 Ng6) 29. Rxf3 Bg5 30. Raf1 {Strongly threatening Nxe6!} Bxf4 (30... Qd7 $142 31. Bc1 Kd8) 31. Bxf4 Rd7 32. Bc1 {[%cal Rf3f7]} Qc7 (32... Qe7 $142 33. Rxf7 Qxf7 34. Rxf7 Rxf7) 33. Ba3 {Hoping for Bd6.} b5 34. Bd6 Qa7 35. Bc5 Qb7 36. Qh6 f5 37. Bxf8 Rxf8 {[#]} 38. Bxf5 {Played: Qh6xe6} 1-0

[Event "CRO Team Cup 2019"]
[Site "Losinj"]
[Date "2019.05.18"]
[Round "5.1"]
[White "Bosiocic, Marin"]
[Black "Kozul, Zdenko"]
[Result "1/2-1/2"]
[WhiteElo "2618"]
[BlackElo "2582"]
[Annotator "TA"]
[PlyCount "61"]
[EventDate "2019.05.15"]
[EventType "team-tourn"]
[EventCountry "CRO"]
[SourceTitle "playchess.com"]
[Source "ChessBase"]
[SourceQuality "1"]

{[%evp 12,61,37,37,37,45,38,45,35,16,21,25,24,0,25,20,22,27,17,0,35,41,45,46,112,37,46,39,79,66,75,75,100,47,41,44,71,5,11,0,0,0,0,0,0,0,0,0,0,0,0,0]} 1. d4 Nf6 2. c4 g6 3. Nc3 Bg7 4. e4 d6 5. h3 O-O 6. Be3 c6 7. Nf3 Na6 {E90: King's Indian: Classical: Early deviations and 6 h3} 8. Bd3 (8. Rc1 e5 9. d5 cxd5 10. cxd5 Ne8 11. g4 Kh8 12. Be2 f5 13. gxf5 gxf5 14. exf5 Bxf5 15. Ng5 {1-0 (36) Nepomniachtchi,I (2751)-Adhiban,B (2677) Tbilisi 2017}) 8... e5 9. O-O exd4 {White is slightly better.} 10. Bxd4 b6 $146 ({Predecessor:} 10... Re8 11. Qd2 Nb4 12. Rad1 Nxd3 13. Qxd3 Bf8 14. Rfe1 Nh5 15. Qd2 {1-0 (41) Mchedlishvili,M (2549)-Visser,Y (2480) Germany 2006}) 11. Re1 Bb7 12. a3 Re8 13. Qc2 Nc5 14. Bf1 Ncd7 15. Rad1 Qc7 (15... c5 $5 {[%cal Rc5d4]} 16. Bxf6 Nxf6 $11) 16. Be3 a6 17. Bf4 Ne5 {[#]} (17... Bf8 $1 $14) 18. Nxe5 (18. c5 $1 $16 {[%mdl 512]}) 18... dxe5 $14 19. Be3 c5 20. Nd5 Bxd5 21. cxd5 Bf8 22. b4 (22. a4 $16) 22... Rec8 23. Rc1 Qd7 24. Qb2 ({White should play} 24. Qb1 $16) 24... Nxe4 $11 {The position is equal.} 25. Bd3 Nf6 26. bxc5 Bxc5 27. Qxe5 Bxe3 28. Rxc8+ Rxc8 29. Qxf6 Bc5 30. Bxa6 Re8 31. Rxe8+ {Accuracy: White = 49%, Black = 61%.} 1/2-1/2

[Event "CRO Team Cup 2019"]
[Site "Losinj"]
[Date "2019.05.18"]
[Round "5.2"]
[White "Stevic, Hrvoje"]
[Black "Tica, Sven"]
[Result "1/2-1/2"]
[WhiteElo "2580"]
[BlackElo "2417"]
[Annotator "TA"]
[PlyCount "119"]
[EventDate "2019.05.15"]
[EventType "team-tourn"]
[EventCountry "CRO"]
[SourceTitle "playchess.com"]
[Source "ChessBase"]
[SourceQuality "1"]

{[%evp 13,119,8,4,4,0,0,14,0,0,0,0,0,0,0,0,0,0,0,10,15,8,38,36,14,16,10,33,35,28,10,23,0,0,-12,-9,-33,0,0,0,0,0,0,0,0,0,0,0,0,0,-170,0,-160,-166,-158,-156,-156,0,0,0,-152,-158,-153,-152,-207,-198,-367,-162,-164,-173,-168,-154,-154,-158,-160,-146,-170,-145,-139,-66,-87,-31,-39,-8,-8,0,0,0,-89,-89,-89,0,0,0,0,0,0,0,0,0,0,0,0,0,0,0,0,0,0]} 1. e4 c6 2. d4 d5 3. Nc3 dxe4 4. Nxe4 Bf5 5. Ng3 Bg6 6. Nh3 Nf6 7. Nf4 e5 8. dxe5 {B18: Classical Caro-Kann: 4...Bf5 sidelines} Qa5+ {[%mdl 64] Double Attack} 9. c3 Qxe5+ 10. Be2 (10. Qe2 Nbd7 11. Nxg6 hxg6 12. Bf4 Qxe2+ 13. Bxe2 Bc5 14. Bf3 O-O-O 15. O-O Nd5 16. Bxd5 cxd5 {½-½ (51) Svidler,P (2727)-Giri,A (2793) Baku 2015}) 10... Nbd7 {[%cal Bb8d7,Bd7b6,Bb6d5,Bd5f4][%mdl 32]} 11. O-O O-O-O 12. Qa4 Bc5 13. Nd3 Bxd3 $1 14. Bxd3 {aiming for Bf4.} Nb6 15. Qc2 Nbd5 {[#]} 16. Bd2 $146 Nf4 $132 {[%mdl 2048] Black puts up resistance} 17. Bf5+ Kb8 18. Rae1 Qd6 19. Rd1 Rhe8 20. b4 Bb6 21. c4 Bd4 22. c5 Qc7 23. Qc4 g6 24. Bc1 Qe5 25. Rde1 Qxe1 26. Bxf4+ Ka8 27. Rxe1 Rxe1+ 28. Nf1 gxf5 29. Bd6 Re4 30. Qxf7 Ng4 31. h3 $2 (31. Bg3 $1 $11 {and White stays safe.}) 31... Bxf2+ $19 {[%mdl 64] Discovered Attack} 32. Kh1 {[#]} Re1 $1 {[%cal Re1f1]} 33. hxg4 {And now g3 would win.} Rxf1+ 34. Kh2 Bg1+ 35. Kg3 Bf2+ 36. Kh2 fxg4 37. Qc4 Rd1 38. Qc2 {[#]} (38. Qf7 $17 g3+ 39. Bxg3 Bxg3+ 40. Kxg3) 38... g3+ $1 {[%mdl 64] Decoy} 39. Bxg3 $2 (39. Kh3 {was the only defense.} Rf1 40. Qc4) 39... Bxg3+ (39... Bg1+ $142 40. Kh3 R1d3) 40. Kxg3 {[%mdl 4096] Endgame KQ-KRR} Rg8+ 41. Kf2 Rd7 42. a4 Rf7+ 43. Ke3 Rg3+ 44. Ke4 Rfg7 45. Qd1 {[%cal Rd1d8]} Rg8 (45... R7g4+ $17 46. Kf5 Rg8) 46. b5 $1 $15 cxb5 ({Better is} 46... R3g6 $17 47. Qd7 Rg4+ 48. Ke3 Rg3+ 49. Kf4 R3g7) 47. axb5 Rxg2 48. c6 $1 bxc6 {White must now prevent ...R2g4+.} 49. Qd7 R2g6 50. bxc6 (50. Kd4 $11 {keeps the balance.}) 50... R6g7 $17 51. Qe6 {[#]} Kb8 (51... Rf8 $1 $17 52. Qe5 Rgf7) 52. c7+ $11 {[%mdl 64] Decoy. The position is equal.} Kxc7 53. Qc4+ Kb8 54. Qb3+ Kc7 {Threatens to win with ...Rg4+.} 55. Qc4+ $1 Kd7 {( -> ...Rg4+)} 56. Qb5+ Ke7 57. Qe5+ Kf8 {...Re7! is the strong threat.} 58. Qb8+ Kf7 59. Qxa7+ Kg6 60. Qg1+ {Accuracy: White = 73%, Black = 56%.} 1/2-1/2

[Event "CRO Team Cup 2019"]
[Site "Losinj"]
[Date "2019.05.18"]
[Round "5.3"]
[White "Golubovic, Boris"]
[Black "Palac, Mladen"]
[Result "0-1"]
[WhiteElo "2389"]
[BlackElo "2546"]
[Annotator "TA"]
[PlyCount "72"]
[EventDate "2019.05.15"]
[EventType "team-tourn"]
[EventCountry "CRO"]
[SourceTitle "playchess.com"]
[Source "ChessBase"]
[SourceQuality "1"]

{[%evp 9,72,-23,-18,-10,-8,-11,0,-15,-12,-12,-14,-15,-11,-34,-25,-31,-28,-20,-18,-25,-27,-50,-30,-53,-58,-50,-13,-18,-24,-20,16,0,3,-24,-12,-20,5,-16,0,0,0,-14,-14,-20,-5,-34,-33,-37,-28,-34,-20,-22,-24,-239,-231,-293,-153,-297,-291,-484,-453,-809,-856,-891,-807]} 1. d4 d5 2. Nc3 Nf6 3. Bf4 a6 4. e3 e6 5. Bd3 b5 6. Nf3 {D00: 1 d4 d5: Unusual lines} Nbd7 7. O-O Bb7 8. Ne2 {The position is equal.} c5 {[#] Threatens to win with ...c4.} (8... Ne4 9. Ng3 g5 10. Be5 Rg8 11. Bxe4 dxe4 {0-1 (44) Alekseenko,K (2638)-Kovalev,V (2683) St Petersburg 2018}) 9. c3 Be7 10. h3 $146 ({Predecessor:} 10. Ng3 O-O 11. Bc2 a5 {½-½ (41) Walczak,P (2498)-Feco,J (2474) ICCF email 2016}) 10... O-O 11. Ne5 (11. Qb1 {looks sharper.} h6 12. b3 Bc6 13. Rd1 c4 14. Bc2) 11... Nxe5 12. Bxe5 Nd7 13. Bg3 Qb6 14. a3 a5 15. Rc1 Rfc8 16. Re1 b4 17. axb4 cxb4 18. cxb4 Bxb4 {...Rxc1 is the strong threat.} 19. Rf1 Bc6 20. Qc2 g6 21. Rfd1 Qb7 22. Qb1 Nb6 23. Nf4 Na4 24. Qa2 Be8 25. Bc2 Nb6 26. Nd3 Be7 27. Ne5 a4 28. Bd3 f6 {aiming for ...Rxc1.} 29. Nf3 Rc6 30. Rxc6 Qxc6 31. Rd2 $2 (31. Qb1 $11 {and White stays safe.}) 31... Qc1+ $19 32. Kh2 Rc8 ({Black should play} 32... Bb4 $19 33. Re2 Qd1) 33. e4 (33. Ba6 $17 Ra8 34. Bd3) 33... Bb4 34. Re2 $2 {[#]} (34. Bf4) 34... Qd1 $1 {[%cal Rd1d3] Black is clearly winning.} 35. Re3 (35. exd5 $142 Qxd3 36. Rxe6) 35... Rc1 {[%csl Gc1][%cal Rd1h1]} 36. Bb8 Ra1 {Accuracy: White = 27%, Black = 55%.} 0-1

[Event "CRO Team Cup 2019"]
[Site "Losinj"]
[Date "2019.05.18"]
[Round "5.4"]
[White "Zelcic, Robert"]
[Black "Petrov, Jole"]
[Result "0-1"]
[WhiteElo "2516"]
[BlackElo "2406"]
[Annotator "TA"]
[PlyCount "70"]
[EventDate "2019.05.15"]
[EventType "team-tourn"]
[EventCountry "CRO"]
[SourceTitle "playchess.com"]
[Source "ChessBase"]
[SourceQuality "1"]

{[%evp 13,70,-60,-3,-17,33,34,35,33,39,35,35,0,0,-28,-20,-33,0,-10,45,37,39,44,44,23,58,50,131,32,60,56,62,52,190,0,0,0,0,0,0,0,0,0,0,0,0,0,0,-672,-620,-640,-616,-5601,-2398,-29987,-29988,-29988,-29989,-29989,-29990]} 1. e4 e5 2. Nf3 Nc6 3. Bc4 Bc5 4. O-O Nf6 5. d4 Bxd4 6. Nxd4 Nxd4 7. Bg5 d6 ({Black should play} 7... h6 $15 8. Be3 Nc6) 8. f4 $11 {C50: Hungarian Defence and Giuoco Pianissimo} Qe7 (8... Bg4 {looks sharper.} 9. Bxf6 Bxd1 10. Bxd8 Rxd8 11. c3 Be2) (8... Be6 9. Na3 Qe7 10. fxe5 dxe5 11. c3 Bxc4 12. Bxf6 gxf6 13. Nxc4 Ne6 14. b4 Rg8 15. Kh1 Nf4 {1-0 (62) Babujian,L (2459)-Mikaelyan,A (2496) Yerevan 2018}) 9. Bxf6 gxf6 10. f5 {White is slightly better.} Bd7 11. c3 {[%mdl 1024] White has compensation.} Nc6 12. Nd2 $146 ({Predecessor:} 12. b4 Qf8 13. Qh5 h6 14. Rf3 Ne7 15. Nd2 c6 {0-1 (80) Larsen,P (1796)-Pakmor,C (2010) Ballerup 2018}) 12... Qf8 13. Rf3 Ne7 14. b4 h5 15. Nf1 Qh6 (15... O-O-O $11) 16. Ne3 Bc6 17. Qd3 a6 18. a4 {[%cal Ba2a4,Ba4a5][%mdl 32]} Rg8 19. Ra2 b6 (19... Bd7 $14) 20. Bb3 (20. Bxa6 $16 Kf8 21. Bb5 Bxb5 22. Qxb5) 20... Rg7 21. a5 b5 22. c4 h4 {[#]} (22... Kf8 $14) 23. h3 $2 ({White has to play} 23. cxb5 $1 $18 Bxb5 24. Bc4) 23... Rg3 24. Raf2 Qg5 25. cxb5 Bxb5 26. Bc4 Bxc4 27. Qxc4 {Strongly threatening b5.} c6 28. Qd3 Rd8 29. Qxa6 {aiming for Qb6.} d5 30. exd5 $2 {[%mdl 8192] [#]} (30. Qb6 $11 dxe4 31. Rxg3 hxg3 32. Rf1) 30... Rxf3 $1 $19 31. Rxf3 e4 32. Qb6 {Threatens to win with Rf2.} exf3 33. a6 Nxd5 {Black mates.} 34. Qxc6+ {[#]} Kf8 $1 35. Ng4 Qd2 {Accuracy: White = 54%, Black = 53%.} 0-1

[Event "CRO Team Cup 2019"]
[Site "Losinj"]
[Date "2019.05.18"]
[Round "5.5"]
[White "Saric, Ivan"]
[Black "Janzelj, Tim"]
[Result "1-0"]
[WhiteElo "2694"]
[BlackElo "2380"]
[Annotator "TA"]
[PlyCount "69"]
[EventDate "2019.05.15"]
[EventType "team-tourn"]
[EventCountry "CRO"]
[SourceTitle "playchess.com"]
[Source "ChessBase"]
[SourceQuality "1"]

{[%evp 13,69,22,27,0,24,24,24,24,11,21,21,0,0,0,21,7,22,38,30,24,34,35,33,22,31,25,47,39,53,61,37,38,187,101,119,98,100,100,100,93,193,204,195,201,180,197,194,195,1701,-29990,1573,-5650,1379,1353,29987,-29958,1706,-29988]} 1. e4 e6 2. d4 d5 3. Nc3 Nf6 4. Bg5 Be7 5. e5 Nfd7 6. h4 Bxg5 7. hxg5 Qxg5 8. Qd3 {C14: French: Classical System: 4 Bg5 Be7 main line} Nf8 (8... h6 {looks sharper.} 9. Nh3 Qh4 10. Nb5 Qd8 11. Ng5 Rf8) (8... g6 9. Nf3 Qe7 10. O-O-O Nc6 11. Qe3 Nb6 12. Rh6 Bd7 13. Bd3 O-O-O 14. Rdh1 Na5 15. Nd2 Nac4 16. Bxc4 dxc4 17. Rxh7 Rxh7 18. Rxh7 {1-0 (53) Saric,I (2654)-Zaja,I (2481) Porec 2016}) 9. Nh3 Qh4 10. O-O-O {White has an edge.} Nc6 11. f4 Bd7 12. Qe3 Qe7 $146 ({Predecessor:} 12... O-O-O 13. Nf2 Qe7 14. Nd3 Kb8 15. Nc5 Be8 {1-0 (55) Colucci,P (2283)-Babulova,M (2198) ICCF email 2010}) 13. f5 O-O-O $1 14. Nf4 a6 15. Qg3 f6 $1 16. Nfxd5 exd5 17. Nxd5 Qf7 18. Bc4 $1 ({Much worse is} 18. e6 Nxe6 19. Bc4 Na5 $17) 18... Kb8 19. exf6 Bxf5 {aiming for ...g6.} 20. fxg7 Rg8 21. gxf8=Q Rdxf8 22. Qc3 {Hoping for Ne3.} Qe8 {[#]} (22... Be6 $1 $14 23. Ne3 Bxc4 24. Qxc4 Qf4) 23. Rhe1 (23. Nxc7 $1 $18 {[%mdl 512]} Kxc7 24. Bxg8 Rxg8 25. d5 {[%mdl 64] Pin} Rxg2 26. Rd2) 23... Qd8 $16 24. Ne3 Rg3 25. d5 Ne7 {[#]} 26. Bxa6 $1 {[%mdl 512]} bxa6 {[#]} (26... Nc8 $16) 27. d6 $1 $18 {[%mdl 512]} cxd6 {...Qb6 is the strong threat.} 28. Qb4+ {[%mdl 64] Double Attack} Kc7 29. Nc4 $40 {[%mdl 128] Intending Qb6+ and mate. White goes for the king.} Nc8 {[#]} 30. Nxd6 $1 {[%mdl 512]} Qxd6 $2 (30... Nxd6 31. Qc5+ Kb8 32. Rxd6 {[%mdl 64] Double Attack} Qg5+ 33. Kb1 Bxc2+ 34. Qxc2 Qa5) 31. Qc5+ $4 {[%mdl 8192]} (31. Rxd6 $18 Nxd6 32. Qc5+ Kd7 33. Qa7+ {[%mdl 64] Double Attack} Kc6 34. Re5) 31... Kd7 $4 {[%mdl 8192]} (31... Qxc5 32. Re2 {[#]} Bg4 $1 {[%mdl 576] Skewer} 33. Rh1 Bxe2 34. Kb1 Rf1+ 35. Rxf1 Bxf1 36. b4 Qxb4+ 37. Kc1 Re3 38. c4 Qc3+ 39. Kd1 Be2#) 32. Qa7+ $4 {[%mdl 8192]} (32. Rxd6+ $18 Nxd6 33. Qa7+ Kc6 34. Re5) 32... Kc6 $4 {[%mdl 8192]} (32... Nxa7 $19 33. Rxd6+ Kxd6) 33. Qxa6+ Kd7 34. Qa7+ $4 {[%mdl 8192]} (34. Qb7+ Kd8 35. Rxd6+ Nxd6 36. Qe7+ Kc8 37. Qxd6 Bd7 38. Qxf8+ Kc7 39. Qc5+ Kd8 40. Qe7+ Kc7 41. Rd1) 34... Kc6 $4 {[%mdl 8192]} (34... Nxa7 {and all is fine.} 35. Rxd6+ Kxd6 36. Re2 Nc6 37. Rd2+ Kc5 38. Rf2 Nb4 39. b3 Nxa2+ 40. Kd2 Nb4 41. Kc1 Nxc2 42. Kd2 Rd8+ 43. Kc1 Nd4 44. Kd1 Rxb3 45. Rxf5+ Nxf5+ 46. Ke2 Ng3+ 47. Ke1 Ra8 48. Kd1 Ra2 49. Kc1 Rxg2 50. Kd1 Rb1#) 35. Re5 $4 {[%mdl 40960] Accuracy: White = 65%, Black = 47%. . Loss on time!?} (35. Rxd6+ $18 Nxd6 36. Re5) 1-0

[Event "CRO Team Cup 2019"]
[Site "Losinj"]
[Date "2019.05.18"]
[Round "5.6"]
[White "Ostovic, Matija"]
[Black "Markus, Robert"]
[Result "0-1"]
[WhiteElo "2391"]
[BlackElo "2595"]
[Annotator "TA"]
[PlyCount "68"]
[EventDate "2019.05.15"]
[EventType "team-tourn"]
[EventCountry "CRO"]
[SourceTitle "playchess.com"]
[Source "ChessBase"]
[SourceQuality "1"]

{[%evp 15,68,51,61,45,62,62,64,52,55,52,65,52,57,46,62,32,43,35,47,-15,-19,-16,-11,-86,-85,-96,-58,-116,-113,-140,-76,-277,-278,-282,-284,-273,-273,-287,-272,-282,-265,-333,-349,-308,-308,-457,-444,-453,-447,-1297,-1285,-1218,-1158,-6291,-1001]} 1. Nf3 Nf6 2. c4 d6 3. d4 Nbd7 4. Nc3 c6 5. e4 e5 6. Be2 Be7 7. O-O O-O 8. h3 Re8 9. d5 {A55: Old Indian Defence with Nf3 and e4} c5 10. Be3 Nf8 11. Ne1 {White is slightly better.} Ng6 12. Nd3 Bd7 $146 ({Predecessor:} 12... a6 13. a4 a5 14. Qd2 b6 15. Rae1 Bd7 16. b3 Qc7 17. Kh2 Rf8 18. f3 Rae8 19. Bd1 h6 {1-0 (41) Cvitan,O (2511)-Kummer,H (2321) Oberwart 1999}) 13. Re1 h6 14. a3 Qc7 15. Bf1 Nh7 16. g3 Bg5 17. f4 (17. Bxg5 $14 Nxg5 18. h4) 17... exf4 $11 18. gxf4 Bh4 19. Bf2 (19. f5 $11 {remains equal.} Ne5 20. Nxe5 Bxe1 21. Qxe1 dxe5 22. Be2) 19... Bxf2+ $17 20. Kxf2 a6 21. Bg2 (21. a4 $15) 21... b5 22. b3 Rab8 (22... Qd8 $142 23. Kg1 Qf6) 23. e5 $2 {[#]} (23. Qd2 $17 {was worth a try.}) 23... bxc4 $19 ({Much less strong is} 23... dxe5 24. fxe5 bxc4 25. bxc4 $19) 24. bxc4 dxe5 25. fxe5 Nxe5 {aiming for ...Ng5.} 26. d6 Qd8 ({Don't play} 26... Qxd6 27. Nxe5 Qf6+ 28. Qf3 $19) 27. Nxe5 {[#]} Rxe5 $1 {[%mdl 512]} 28. Rxe5 Qf6+ {[%mdl 64] Double Attack} 29. Kg1 Qxe5 30. Qd2 (30. Nd5 {is a better defense.}) 30... Rb3 {Black is clearly winning.} 31. Rc1 Ng5 32. Nd5 (32. Kh1 $142 Qg3 33. Qe1 Qxe1+ {[%mdl 64] Overworked Piece} 34. Rxe1 Rxc3 {[%mdl 64] Double Attack} 35. Re7 Bxh3 36. d7 Bxd7 37. Rxd7) 32... Nf3+ 33. Bxf3 Rxf3 34. Rf1 Rg3+ {Accuracy: White = 25%, Black = 52%.} (34... Qg3+ $142 35. Qg2 Rxf1+ 36. Kxf1 Bxh3 37. Qxh3 Qxh3+ 38. Ke2 Qg4+ {[%mdl 64] Double Attack} 39. Kd3 Qd4+ 40. Kc2 Qxc4+ 41. Nc3 Qe6) 0-1

[Event "CRO Team Cup 2019"]
[Site "Losinj"]
[Date "2019.05.18"]
[Round "5.7"]
[White "Jovanic, Ognjen"]
[Black "Sokac, Marko"]
[Result "1-0"]
[WhiteElo "2511"]
[BlackElo "2329"]
[Annotator "ChessBase"]
[PlyCount "61"]
[EventDate "2019.05.15"]
[EventType "team-tourn"]
[EventCountry "CRO"]
[SourceTitle "playchess.com"]
[Source "ChessBase"]
[SourceQuality "1"]
[TimeControl "40/5400+30:1800+30"]

1. d4 {[%emt 0:01:30]} d5 {[%emt 0:00:30]} 2. Nf3 {[%emt 0:00:30]} Nf6 {[%emt 0:00:30]} 3. c4 {[%emt 0:01:30]} e6 {[%emt 0:02:30]} 4. Nc3 {[%emt 0:00:30]} Be7 {[%emt 0:01:30]} 5. Bg5 {[%emt 0:01:30]} Nbd7 {[%emt 0:04:30]} 6. cxd5 {[%emt 0:04:30]} exd5 {[%emt 0:03:30]} 7. e3 {[%emt 0:02:30]} O-O {[%emt 0:00:30]} 8. Bd3 {[%emt 0:01:30]} c6 {[%emt 0:02:30]} 9. Qc2 {[%emt 0:03:30]} Re8 {[%emt 0:03:30]} 10. O-O {[%emt 0:03:30]} h6 {[%emt 0:01:30]} 11. Bf4 {[%emt 0:08:30]} Nf8 {[%emt 0:06:30]} 12. Rab1 {[%emt 0:05:30]} Nh5 {[%emt 0:05:30]} 13. Be5 {[%emt 0:01:30]} f6 {[%emt 0:04:30]} 14. Bg3 {[%emt 0:00:30]} Nxg3 {[%emt 0:00:30]} 15. hxg3 {[%emt 0:00:00]} g5 {[%emt 0:01:30]} 16. Bg6 {[%emt 0:04:00]} Kg7 {[%emt 0:00:00]} 17. Bxe8 {[%emt 0:04:30]} Qxe8 {[%emt 0:00:00]} 18. e4 {[%emt 0:00:30]} dxe4 {[%emt 0:02:30]} 19. Qxe4 {[%emt 0:01:30]} Qf7 {[%emt 0:01:30]} 20. d5 {[%emt 0:03:30]} Bd7 {[%emt 0:08:30]} 21. Rfe1 {[%emt 0:05:30]} Bd6 {[%emt 0:00:30]} 22. dxc6 {[%emt 0:07:30]} Bxc6 {[%emt 0:00:30]} 23. Qd3 {[%emt 0:00:30]} Rd8 {[%emt 0:06:30]} 24. Nd4 {[%emt 0:00:30]} Bc7 {[%emt 0:03:30]} 25. Rbd1 {[%emt 0:05:30]} Kh8 {[%emt 0:06:30]} 26. Qe2 {[%emt 0:03:30]} Re8 {[%emt 0:01:30]} 27. Qc2 {[%emt 0:00:30]} Be5 {[%emt 0:02:30]} 28. Nxc6 {[%emt 0:02:30]} bxc6 {[%emt 0:00:30]} 29. Ne4 {[%emt 0:00:30]} Rc8 {[%emt 0:04:30]} 30. Nd6 {[%emt 0:00:30]} Bxd6 {[%emt 0:00:00]} 31. Rxd6 {[%emt 0:00:30]} 1-0

[Event "CRO Team Cup 2019"]
[Site "Losinj"]
[Date "2019.05.18"]
[Round "5.8"]
[White "Boric, Muhamed"]
[Black "Plenca, Jadranko"]
[Result "1/2-1/2"]
[WhiteElo "2342"]
[BlackElo "2468"]
[Annotator "ChessBase"]
[PlyCount "70"]
[EventDate "2019.05.15"]
[EventType "team-tourn"]
[EventCountry "CRO"]
[SourceTitle "playchess.com"]
[Source "ChessBase"]
[SourceQuality "1"]
[TimeControl "40/5400+30:1800+30"]

1. Nf3 {[%emt 0:01:30]} d5 {[%emt 0:00:30]} 2. g3 {[%emt 0:01:30]} g6 {[%emt 0:01:30]} 3. d4 {[%emt 0:00:30]} Bg7 {[%emt 0:00:00]} 4. Bg2 {[%emt 0:00:00]} Nf6 {[%emt 0:00:00]} 5. O-O {[%emt 0:00:00]} Nbd7 {[%emt 0:00:30]} 6. Na3 {[%emt 0:01:30]} Nb6 {[%emt 0:02:30]} 7. Bf4 {[%emt 0:16:30]} c6 {[%emt 0:01:30]} 8. Qc1 {[%emt 0:01:30]} h6 {[%emt 0:03:30]} 9. Ne5 {[%emt 0:17:30]} Ng4 {[%emt 0:04:30]} 10. Nxg4 {[%emt 0:01:30]} Bxg4 {[%emt 0:00:30]} 11. Qd2 {[%emt 0:00:30]} Qd7 {[%emt 0:03:30]} 12. Rfe1 {[%emt 0:06:30]} g5 {[%emt 0:11:30]} 13. Be3 {[%emt 0:00:00]} Bh3 {[%emt 0:01:30]} 14. Red1 {[%emt 0:08:00]} Bxg2 {[%emt 0:03:30]} 15. Kxg2 {[%emt 0:00:30]} f6 {[%emt 0:08:30]} 16. Rh1 {[%emt 0:00:30]} e5 {[%emt 0:01:30]} 17. Rad1 {[%emt 0:07:30]} Qe6 {[%emt 0:10:30]} 18. Qd3 {[%emt 0:12:30]} O-O-O {[%emt 0:03:30]} 19. Qg6 {[%emt 0:01:30]} e4 {[%emt 0:04:30]} 20. h4 {[%emt 0:06:17]} Qd7 {[%emt 0:08:30]} 21. hxg5 {[%emt 0:01:18]} fxg5 {[%emt 0:00:00]} 22. b3 {[%emt 0:00:10]} Rhf8 {[%emt 0:02:00]} 23. c4 {[%emt 0:01:38]} Qe7 {[%emt 0:01:30]} 24. c5 {[%emt 0:06:25]} Nd7 {[%emt 0:00:30]} 25. Nc2 {[%emt 0:00:05]} Rf6 {[%emt 0:01:30]} 26. Qh5 {[%emt 0:00:09]} Rdf8 {[%emt 0:00:30]} 27. b4 {[%emt 0:00:27]} Rf5 {[%emt 0:01:30]} 28. a4 {[%emt 0:00:26]} Qe6 {[%emt 0:03:30]} 29. b5 {[%emt 0:00:47]} Nf6 {[%emt 0:00:30]} 30. Qh3 {[%emt 0:02:41]} Ng4 {[%emt 0:01:40]} 31. Qxg4 {[%emt 0:00:42]} Rxf2+ {[%emt 0:00:30]} 32. Kh3 {[%emt 0:00:07]} R2f5 {[%emt 0:01:42]} 33. Kg2 {[%emt 0:00:11]} Rf2+ {[%emt 0:01:05]} 34. Kh3 {[%emt 0:00:08]} R2f5 {[%emt 0:00:19]} 35. Kg2 {[%emt 0:00:06]} Rf2+ {[%emt 0:00:05]} 1/2-1/2

[Event "CRO Team Cup 2019"]
[Site "Losinj"]
[Date "2019.05.18"]
[Round "5.9"]
[White "Martinovic, Sasa"]
[Black "Bozanic, Ivica"]
[Result "1-0"]
[WhiteElo "2560"]
[BlackElo "2171"]
[Annotator "RC"]
[PlyCount "41"]
[EventDate "2019.05.15"]
[EventType "team-tourn"]
[EventCountry "CRO"]
[SourceTitle "playchess.com"]
[Source "ChessBase"]
[SourceQuality "1"]
[TimeControl "40/5400+30:1800+30"]

1. d4 {[%emt 0:00:30]} d6 {[%emt 0:03:30]} 2. Nf3 {[%emt 0:00:00]} g6 {[%emt 0:02:30]} 3. e4 {[%emt 0:00:00]} Bg7 {[%emt 0:00:00]} 4. Be3 {[%emt 0:00:00]} c6 {[%emt 0:04:00]} 5. c4 {[%emt 0:01:00]} e5 {[%emt 0:04:30]} 6. Nc3 {[%emt 0:00:00]} Bg4 {[%emt 0:07:30]} 7. d5 {[%emt 0:02:00]} c5 {[%emt 0:02:30]} 8. Be2 {[%emt 0:15:30]} Bxf3 {[%emt 0:04:30]} 9. Bxf3 {[%emt 0:00:30]} h5 {[%emt 0:00:30]} 10. b4 {[%emt 0:11:30]} b6 {[%emt 0:26:30]} 11. bxc5 {[%emt 0:01:30]} bxc5 {[%emt 0:01:30]} 12. Qa4+ {[%emt 0:02:30]} Kf8 {[%emt 0:03:30]} 13. Rb1 {[%emt 0:03:30]} Nd7 {[%emt 0:12:30]} 14. Rb7 {[%emt 0:03:30]} Nb6 {[%emt 0:05:39]} 15. Qa6 {[%emt 0:01:30]} Ne7 {[%emt 0:00:44]} 16. O-O {[%emt 0:06:30]} Bf6 {[%emt 0:05:11]} 17. a4 {[%emt 0:02:30]} Rb8 {[%emt 0:06:03]} 18. Rxb8 {[%emt 0:08:30]} Qxb8 {[%emt 0:00:02]} 19. Rb1 {[%emt 0:00:00]} Qc8 {[%emt 0:01:29]} 20. Qxa7 {[%emt 0:00:00]} Nd7 {[%emt 0:02:07]} 21. Rb7 {[%emt 0:00:30]} 1-0